The siege of Indian cricket (2000-2008) : (Record no. 38386)

MARC details
000 -LEADER
fixed length control field 00786nam a22002057a 4500
005 - DATE AND TIME OF LATEST TRANSACTION
control field 2010073100540.0
010 ## - LCCN (DPL NO)
LC control number ENG-97416
020 ## - INTERNATIONAL STANDARD BOOK NUMBER
International Standard Book Number 9788188337583
Terms of availability 125.00
035 ## - SYSTEM CONTROL NUMBER
System control number EN-80949
037 ## - SOURCE OF ACQUISITION
Source of stock number/acquisition DBAD/PUB
082 ## - DEWEY DECIMAL CLASSIFICATION NUMBER
Classification number 796.358
100 ## - MAIN ENTRY--PERSONAL NAME
Personal name Chandra, Bidyut Kumar
245 ## - TITLE STATEMENT
Title The siege of Indian cricket (2000-2008) :
Remainder of title the chronicle of a warrior cricketer /
Statement of responsibility, etc by Bidyut Kumar chandra
260 ## - PUBLICATION, DISTRIBUTION, ETC. (IMPRINT)
Place of publication, distribution, etc Cuttack
Name of publisher, distributor, etc New Age Publications
Date of publication, distribution, etc 2009
270 ## - ADDRESS
Address Tara Bhawan,Stony Road, Chandinichowk
City Cuttack
Postal code 753002
300 ## - PHYSICAL DESCRIPTION
Extent 246p
Dimensions 19cm (pbk)
650 ## - SUBJECT ADDED ENTRY--TOPICAL TERM
Topical term or geographic name as entry element Cricket
Geographic subdivision India
942 ## - ADDED ENTRY ELEMENTS (KOHA)
Source of classification or shelving scheme Dewey Decimal Classification
Item type English Books
Classification part 796.358
Call number suffix CHA
Holdings
Withdrawn status Lost status Not for loan Collection code Home library Current library Date acquired Source of acquisition Cost, normal purchase price Full call number Barcode Copy number Cost, replacement price Koha item type
    Not For Loan Non-fiction D.B.Act.Division D.B.Act.Division 31/07/2010 DBAD/PUB 125.00 796.358 CHA EN-80949 1 125.00 English Books

© Delhi Public Library
Hit Counter
free hit counter